Полупостоянное запоминающее устройство на "фукокартах" (Запись № 8141985)

Подробности
000 -МАРКЕР
контрольное поле 01004nam0a22002651 4500
001 - ИДЕНТИФИКАТОР ЗАПИСИ
контрольное поле rc\4836629
005 - ИДЕНТИФИКАТОР ВЕРСИИ
контрольное поле 20250612192900.0
035 ## - ДРУГИЕ СИСТЕМНЫЕ НОМЕРА
Идентификатор записи (NLR Aleph) 008807699
100 ## - ДАННЫЕ ОБЩЕЙ ОБРАБОТКИ
Данные общей обработки 20130426d1962 |||y0rusy50 ca
101 1# - ЯЗЫК РЕСУРСА
Язык текста, звукозаписи и т.д. русский
Язык оригинала японский
-- английский
102 ## - СТРАНА ПУБЛИКАЦИИ ИЛИ ПРОИЗВОДСТВА
Страна публикации Российская Федерация
105 ## - ПОЛЕ КОДИРОВАННЫХ ДАННЫХ: ТЕКСТОВЫЕ МАТЕРИАЛЫ, МОНОГРАФИЧЕСКИЕ
Кодированные данные о монографическом текстовом документе a z |||||
200 1# - ЗАГЛАВИЕ И СВЕДЕНИЯ ОБ ОТВЕТСТВЕННОСТИ
Основное заглавие Полупостоянное запоминающее устройство на "фукокартах"
Первые сведения об ответственности Гос. ком. Совета Министров СССР по радиоэлектронике
210 ## - ПУБЛИКАЦИЯ, РАСПРОСТРАНЕНИЕ И ДР.
Место издания, распространения и т.д. [Москва]
Имя издателя, распространителя и т. д. Б. и.
Дата издания, распространения и т.д. 1962
215 ## - ФИЗИЧЕСКАЯ ХАРАКТЕРИСТИКА
Специфическое обозначение материала и объем 33 с.
Другие сведения о физической характеристике ил.
Размеры 22
225 1# - СЕРИЯ
Основное заглавие серии Перевод
Обозначение тома № 2550 (62)
300 ## - ОБЩИЕ ПРИМЕЧАНИЯ
Текст примечания Пер. из: "Proceedings of the Eastern joint computer conference", 1961, 12-14/XII, v. 20
300 ## - ОБЩИЕ ПРИМЕЧАНИЯ
Текст примечания Перед загл. авт.: Такаси, Исидате и др.
700 #1 - ИМЯ ЛИЦА - ПЕРВИЧНАЯ ОТВЕТСТВЕННОСТЬ
Начальный элемент ввода Такаси
Часть имени, кроме начального элемента ввода И.
Расширение инициалов личного имени Исидате
801 #0 - ИСТОЧНИК ЗАПИСИ
Страна Российская Федерация
Организация NLR
Правила каталогизации psbo
801 #1 - ИСТОЧНИК ЗАПИСИ
Страна Российская Федерация
Организация ELAR
Источник данных rusmarc
852 ## - МЕСТОНАХОЖДЕНИЕ И ШИФР ХРАНЕНИЯ
Идентификатор организации NLR
Шифр хранения (Call Number) 62-6/11958
942 ## - ДОПОЛНИТЕЛЬНЫЕ ЭЛЕМЕНТЫ ЗАПИСИ (АБИС)
Тип экземпляра АБИС Книга
980 ## - КОЛЛЕКЦИЯ
Название коллекции Национальная библиография
Экземпляры
Тип экземпляра Дата поступления Библиотека постоянного хранения Библиотека текущего хранения Место хранения Шифр хранения Штрих-код Статус экземпляра
Книга 26.10.2013 РНБ (Московский) РНБ (Московский) Русский книжный фонд: издания с 1957 года 62-6/11958 8807699-10